Úlohy pedagogiky práce. 1

Pedagogika práce - nová vedná disciplína. Usiluje o zjednodušený pohľad na 2 veľké oblasti ľudskej činnosti - učenie a prácu. Význam pre ďalšie vzdelávanie pracovníkov vo výrobných aj nevýrobných odboroch.

Salvato in:
Dettagli Bibliografici
Autore principale: Vítek, M.
Natura: Capitolo di libro
Lingua:ceco
Soggetti:
Tags: Aggiungi Tag
Nessun Tag, puoi essere il primo ad aggiungerne!!

MARC

LEADER 00000naa a2200000 4500
001 r017309
005 20221213082611.2
041 0 |a cze 
044 |a CZ 
245 1 0 |a Úlohy pedagogiky práce. 1  |c M. Vítek 
520 |a Pedagogika práce - nová vedná disciplína. Usiluje o zjednodušený pohľad na 2 veľké oblasti ľudskej činnosti - učenie a prácu. Význam pre ďalšie vzdelávanie pracovníkov vo výrobných aj nevýrobných odboroch. 
610 2 0 |a práca 
610 2 0 |a pedagogika 
610 2 0 |a výchova 
610 2 0 |a kvalifikácia 
610 2 0 |a pracovníci 
610 2 0 |a vzdelávanie ďalšie 
100 1 |a Vítek, M.